00680nam a2200193Ia 4500008004100000020002200041041000800063082001800071100001800089245004000107260003900147300001800186365001200204650001100216650001100227906004100238999001900279952018800298210719s2021 xx 000 0 und d a978-93-89728-44-6 aeng a174.9362 SWAE aSWARUP (Anil) aEthical dilemmas of a civil servant aNew DelhibUnique Publishersc2021 axxiii,239bPB b300cRs aEthics aEthics acivil ; dilemmas ; Ethical ; servant c211994d211994 001040708Political ScienceaALbALd2021-03-09eBiblios Book Point, Surathkal-575014 | General Annualg300.00l0o174.9362 SWAEp074808r2021-07-19 00:00:00v240.00w2021-07-19yBK